[Event "17.Città di Padova Open A"]
[Site "Padova"]
[Date "2014.12.21"]
[Round "9.22"]
[White "Desideri, Alessandro"]
[Black "Santeramo, Alessia Carmen"]
[Result "1/2-1/2"]
[WhiteElo "1834"]
[BlackElo "2203"]
[Annotator "Gabriele Ballarin"]
[PlyCount "117"]
[EventDate "2014.12.14"]
[EventType "swiss"]
[EventRounds "9"]
[EventCountry "ITA"]

1. e4 c5 2. Nf3 e6 3. d3 Nc6 4. g3 d6 5. Bg2 g6 6. O-O Bg7 7. c3 e5 8. a3 Nge7 9. b4 a6 10. Be3 b6 11. h4 Bg4 12. Qd2 Qd7 13. Kh2 O-O 14. Ng5 h6 15. Nh3 Kh7 16. f3 Be6 17. Qe2 f5 18. Bc1 Na7 19. Bb2 Rae8 20. Nd2 b5 21. f4 Nac8 22. h5 Bf7 23. hxg6+ Bxg6 24. Nf3 Nc6 25. Nh4 N8e7 26. Nxg6 Nxg6 27. exf5 Rxf5 28. Rae1 Nce7 29. Be4 Rf6 30. Qh5 Kg8 31. fxe5 Nxe5 32. Bd5+ Nxd5 33. c4 Nc7 34. Bxe5 Rxe5 35. Rxe5 dxe5 36. Rxf6 Bxf6 37. Qxh6 Qg7 38. Qe3 cxb4 39. axb4 bxc4 40. dxc4 Qg4 41. Qb6 Qg7 42. Qc6 Bd8 43. Kg2 Qf6 44. Qd7 Ne6 45. Nf2 Nd4 46. Qd5+ Kg7 47. Ng4 Qc6 48. Nxe5 Qxd5+ 49. cxd5 Nc2 50. Nc6 Bc7 51. Kf3 Bd6 52. Nd8 Bxb4 53. Ke4 Kf6 54. Kd3 Na3 55. g4 a5 56. Nc6 Be1 57. g5+ Kxg5 58. d6 Kf5 59. d7 1/2-1/2

[Event "17.Città di Padova Open A"]
[Site "Padova"]
[Date "2014.12.21"]
[Round "9.23"]
[White "Damia, Angelo"]
[Black "Lantini, Marco"]
[Result "0-1"]
[WhiteElo "2177"]
[BlackElo "2057"]
[Annotator "Gabriele Ballarin"]
[PlyCount "82"]
[EventDate "2014.12.14"]
[EventType "swiss"]
[EventRounds "9"]
[EventCountry "ITA"]

1. g3 d5 2. Bg2 c6 3. Nf3 Bg4 4. d4 Nd7 5. Nc3 Ngf6 6. Bg5 Qa5 7. O-O Ne4 8. Bd2 Nxd2 9. Nxd2 e6 10. h4 h6 11. Nb3 Qb6 12. Qd3 Be7 13. e4 O-O 14. exd5 cxd5 15. Bxd5 exd5 16. Nxd5 Qd6 17. Qe4 Bf6 18. Ne3 Bh3 19. Rfe1 Nb6 20. c4 Rae8 21. Qh1 Qd7 22. Rad1 Bg4 23. Nc5 Qc8 24. Nxb7 Bxd1 25. Nd6 Rxe3 26. fxe3 Qg4 27. Kf2 Be7 28. Rxd1 Bxd6 29. Qf3 Bxg3+ 30. Kg2 Qxf3+ 31. Kxf3 Bxh4 32. c5 Rc8 33. cxb6 axb6 34. Rd3 Kf8 35. Rb3 Bd8 36. Rb5 Ke7 37. Ke4 Rc6 38. Kd5 Rd6+ 39. Kc4 g5 40. e4 g4 41. e5 Rg6 0-1

[Event "17.Città di Padova Open A"]
[Site "Padova"]
[Date "2014.12.21"]
[Round "9.24"]
[White "Messina, Roberta"]
[Black "Quaranta, Cristiano"]
[Result "0-1"]
[WhiteElo "2033"]
[BlackElo "2169"]
[Annotator "Gabriele Ballarin"]
[PlyCount "48"]
[EventDate "2014.12.14"]
[EventType "swiss"]
[EventRounds "9"]
[EventCountry "ITA"]

1. Nf3 f5 2. e4 fxe4 3. Ng5 Nf6 4. d3 e3 5. fxe3 e5 6. Be2 Be7 7. O-O O-O 8. Nc3 d5 9. Nf3 Nc6 10. d4 e4 11. Ne5 Bd6 12. Ng4 Bxg4 13. Bxg4 Bxh2+ 14. Kxh2 Nxg4+ 15. Kg3 Rxf1 16. Qxf1 Nf6 17. Qe2 Qd6+ 18. Kh3 Rf8 19. Bd2 Qe6+ 20. Kh2 Ng4+ 21. Kg3 Nf2 22. Rf1 Qg6+ 23. Kh2 Qh6+ 24. Kg3 Qg5+ 0-1

[Event "17.Città di Padova Open A"]
[Site "Padova"]
[Date "2014.12.21"]
[Round "9.25"]
[White "Fregonese, Giulio"]
[Black "Karkovic, Mate"]
[Result "0-1"]
[WhiteElo "2129"]
[BlackElo "1999"]
[Annotator "Gabriele Ballarin"]
[PlyCount "84"]
[EventDate "2014.12.14"]
[EventType "swiss"]
[EventRounds "9"]
[EventCountry "ITA"]

1. e4 c5 2. c3 e6 3. d4 d5 4. e5 Nc6 5. Nf3 c4 6. b3 b5 7. a4 Na5 8. Nbd2 b4 9. cxb4 Bxb4 10. bxc4 dxc4 11. Ba3 Rb8 12. Bxb4 Rxb4 13. Be2 Bb7 14. Qc2 Ne7 15. O-O O-O 16. Rfb1 Bxf3 17. Nxf3 Nb3 18. Qa2 a5 19. Bxc4 Nxa1 20. Rxa1 Nd5 21. Bd3 h6 22. Qd2 Qe7 23. h4 Rc8 24. Kh2 Kf8 25. g3 Qc7 26. Qe2 Qc3 27. Ra2 Qb3 28. Rc2 Rxc2 29. Bxc2 Qc4 30. Bd3 Qc3 31. Be4 Qc6 32. Bc2 Rb2 33. Ne1 Nb4 34. d5 Qxd5 35. Qe3 Nxc2 36. Qc3 Qb7 37. Nxc2 Kg8 38. Qc5 Rb1 39. g4 Qf3 40. Qc8+ Kh7 41. Ne1 Rxe1 42. Qc2+ g6 0-1

[Event "17.Città di Padova Open A"]
[Site "Padova"]
[Date "2014.12.16"]
[Round "9.26"]
[White "Viaggi, Stefano"]
[Black "Di Lazzaro, Gabriele"]
[Result "1/2-1/2"]
[WhiteElo "2058"]
[BlackElo "1941"]
[Annotator "Gabriele Ballarin"]
[PlyCount "71"]
[EventDate "2014.12.14"]
[EventType "swiss"]
[EventRounds "9"]
[EventCountry "ITA"]

1. d4 Nf6 2. Nf3 c5 3. e3 e6 4. b3 cxd4 5. Nxd4 Nc6 6. Bb2 Be7 7. Be2 O-O 8. O-O a6 9. c4 Qc7 10. Nc3 b6 11. Rc1 Bb7 12. Bf3 Ne5 13. Bxb7 Qxb7 14. Qe2 Rfd8 15. e4 Nc6 16. Rfd1 Nxd4 17. Rxd4 d6 18. Rcd1 Rac8 19. Kh1 h6 20. R4d3 b5 21. cxb5 axb5 22. Rd4 b4 23. Nb5 d5 24. e5 Ne4 25. Rxe4 dxe4 26. Nd6 Bxd6 27. exd6 f5 28. h3 Qc6 29. Be5 Rd7 30. Rd2 Qc5 31. f4 Kh7 32. Kh2 Rc6 33. Qd1 Qc1 34. Qe2 Qc5 35. Qd1 Qc1 36. Qe2 1/2-1/2

[Event "17.Città di Padova Open A"]
[Site "Padova"]
[Date "2014.12.21"]
[Round "9.27"]
[White "Bergamasco, Tommaso"]
[Black "Benetti, Lorenzo"]
[Result "1-0"]
[WhiteElo "2012"]
[BlackElo "1834"]
[Annotator "Gabriele Ballarin"]
[PlyCount "59"]
[EventDate "2014.12.14"]
[EventType "swiss"]
[EventRounds "9"]
[EventCountry "ITA"]

1. e4 d6 2. d4 Nf6 3. Nc3 g6 4. Be3 c6 5. f3 b5 6. Qd2 Qa5 7. Bd3 a6 8. Nh3 Nbd7 9. a4 b4 10. Nd1 c5 11. b3 Bb7 12. Nb2 Rb8 13. Rd1 Bg7 14. O-O O-O 15. Be2 cxd4 16. Bxd4 Ne5 17. Nf2 Nfd7 18. f4 Nc6 19. Nc4 Qc7 20. Bxg7 Kxg7 21. c3 a5 22. cxb4 Nxb4 23. Rc1 Nc5 24. Bf3 Kg8 25. Qe3 Rfd8 26. f5 f6 27. fxg6 hxg6 28. Qh6 Nxb3 29. Qxg6+ Kf8 30. Ne5 1-0

[Event "17.Città di Padova Open A"]
[Site "Padova"]
[Date "2014.12.21"]
[Round "9.29"]
[White "Gallo, Enrico"]
[Black "Hocevar, Nikola"]
[Result "1-0"]
[WhiteElo "1982"]
[BlackElo "1913"]
[Annotator "Gabriele Ballarin"]
[PlyCount "35"]
[EventDate "2014.12.14"]
[EventType "swiss"]
[EventRounds "9"]
[EventCountry "ITA"]

1. e4 c5 2. Nf3 g6 3. c3 Bg7 4. Bc4 e6 5. O-O Ne7 6. d4 cxd4 7. cxd4 d5 8. exd5 exd5 9. Bb5+ Bd7 10. Bxd7+ Nxd7 11. Nc3 O-O 12. Bf4 Nb6 13. Re1 a6 14. Qb3 Nc6 15. a4 Na5 16. Qb4 Nbc4 17. b3 Nb2 18. Re3 1-0

[Event "17.Città di Padova Open A"]
[Site "Padova"]
[Date "2014.12.21"]
[Round "9.30"]
[White "Bordignon, Angelo"]
[Black "Ballarin, Gabriele"]
[Result "1/2-1/2"]
[WhiteElo "1808"]
[BlackElo "1946"]
[Annotator "Gabriele Ballarin"]
[PlyCount "95"]
[EventDate "2014.12.14"]
[EventType "swiss"]
[EventRounds "9"]
[EventCountry "ITA"]

{[%mdl 8256] A04: Attacco Estindiano e linee inusuali dopo 1 Cf3} 1. e4 c5 2. Nf3 g6 3. g3 Bg7 4. Bg2 Nc6 5. O-O e5 6. d3 Nge7 7. c3 O-O 8. Nbd2 h6 {Ultima mossa libro} 9. a4 a5 (9... d5 $142 $5 $11) 10. Nc4 $14 d6 11. Be3 Be6 12. Qd2 Kh7 13. Na3 f5 14. Rfe1 Qd7 15. Nb5 Rf7 16. Rf1 $4 (16. Qe2 Raf8 $11) 16... Raf8 (16... f4 $142 17. gxf4 exf4 18. Bxf4 Raf8 19. Bxd6 Rxf3 $19) 17. d4 $4 (17. exf5 $142 Nxf5 18. Ne1 $15) 17... cxd4 $19 18. cxd4 $2 (18. exf5 Rxf5 19. cxd4 Rxf3 20. Bxf3 Rxf3 21. dxe5 Bxe5 22. Rac1 $19) 18... fxe4 19. Nh4 exd4 20. Nxd4 Nxd4 21. Bxd4 Bxd4 22. Qxd4 d5 23. Rad1 Nc6 24. Qc5 Qe7 25. Rxd5 (25. Qxe7 Nxe7 26. Bh1 Nc6 $19) 25... Bxd5 26. Qxd5 e3 27. f4 Rd8 28. Qf3 Qc5 29. Kh1 (29. Re1 Re7 30. f5 $19) 29... Re7 30. f5 gxf5 31. Qh5 Rd6 32. Be4 (32. Bxc6 Qxc6+ 33. Kg1 Rf6 $19) 32... Nd4 (32... Rxe4 $6 33. Qf7+ Kh8 34. Qf8+ Kh7 35. Qf7+ Kh8 36. Qf8+ Kh7 37. Qf7+ $11) 33. Nxf5 (33. Re1 e2 34. Bd3 $19) 33... Kh8 (33... Rxe4 $4 34. Qf7+ Kh8 35. Qg7#) 34. Qg4 (34. Bf3 Qxf5 35. Qxf5 Nxf5 $19) 34... Nxf5 (34... e2 $142 35. Rg1 Nxf5 36. Qxe2 $19) 35. Rxf5 Qc1+ (35... Qc8 36. Qe2 Rxe4 37. Qf3 $19) 36. Kg2 Qxb2+ (36... Rd2+ $142 37. Kh3 Qc8 $19) 37. Kh3 $17 Qg7 38. Qf4 (38. Qf3 Rd8 39. Qxe3 Rde8 40. Rf4 Qg5 41. Kg2 Rxe4 42. Rxe4 Qxe3) 38... Qd4 $4 (38... Rd8 39. Qxe3 Ree8 $15) 39. Re5 $3 $18 Rg7 (39... Qxe5 40. Qf8# {Attacco di matto Sgombero}) (39... Rxe5 40. Qf8# {Attacco di matto Sgombero}) (39... Z0 $140 40. Qf8# {Minaccia di matto}) 40. Rd5 (40. Re8+ $142 Rg8 41. Re7 Qxe4 42. Qxe4 $18) 40... Qxd5 $11 41. Bxd5 Rxd5 42. Qxe3 Rgd7 43. Qc3+ (43. Qxh6+ Rh7 44. Qh4 Rxh4+ 45. Kxh4 b5 $19) 43... Kg8 44. Qc8+ Kg7 45. Qe8 Kf6 46. Qf8+ Kg6 47. Qg8+ Kf6 48. Qf8+ 1/2-1/2

[Event "17.Città di Padova Open A"]
[Site "Padova"]
[Date "2014.12.21"]
[Round "9.31"]
[White "Polese, Marco"]
[Black "Pompili, Ugo"]
[Result "1-0"]
[WhiteElo "1897"]
[BlackElo "1841"]
[Annotator "Gabriele Ballarin"]
[PlyCount "91"]
[EventDate "2014.12.14"]
[EventType "swiss"]
[EventRounds "9"]
[EventCountry "ITA"]

1. c4 e5 2. g3 d6 3. Bg2 c6 4. Nc3 f5 5. e3 Nf6 6. Nge2 Be7 7. O-O O-O 8. d4 Qc7 9. f3 Bd7 10. e4 fxe4 11. fxe4 Na6 12. a3 Rad8 13. d5 {(??)} Nb8 14. h3 c5 15. Be3 a6 16. b3 h6 17. Qd2 Kh7 18. Kh2 b5 19. Rf2 Ng8 20. Raf1 Rxf2 21. Rxf2 Rf8 22. Rxf8 Bxf8 23. g4 Ne7 24. Ng3 Ng6 25. Qf2 Qd8 26. Nf5 Qf6 27. Bf1 bxc4 28. Bxc4 Ne7 29. Qe2 Bc8 30. Na4 Nxf5 31. exf5 Qd8 32. Bd3 Kg8 33. g5 Qe7 34. Qg4 Kh8 35. f6 Bxg4 36. fxe7 Bxe7 37. hxg4 hxg5 38. Bf5 a5 39. Bc8 g6 40. Nb6 Kg7 41. Nc4 Kf6 42. Bd2 Kf7 43. Bxa5 Ke8 44. Kg3 Nd7 45. Bxd7+ Kxd7 46. Kf3 1-0

[Event "75. C.to Provinciale VE"]
[Site "Marghera ITA"]
[Date "2015.01.24"]
[Round "1.1"]
[White "Zamengo, Fulvio"]
[Black "Marcucci, Michele"]
[Result "1-0"]
[WhiteElo "2223"]
[BlackElo "1700"]
[Annotator "Gabriele Ballarin"]
[PlyCount "93"]
[EventDate "2015.01.23"]
[EventType "swiss"]
[EventRounds "5"]
[EventCountry "ITA"]

1. e4 e5 2. Nf3 Nc6 3. Bb5 a6 4. Ba4 Nf6 5. O-O Be7 6. Re1 b5 7. Bb3 O-O 8. a4 Bb7 9. d3 d5 10. axb5 axb5 11. Rxa8 Bxa8 12. exd5 Nxd5 13. Nxe5 Nxe5 14. Rxe5 Bd6 15. Rxd5 Bxd5 16. Bxd5 Bxh2+ 17. Kxh2 Qxd5 18. Nc3 Qd6+ 19. Kg1 c6 20. Bd2 Re8 21. Ne4 Qe7 22. Qg4 Qe6 23. Qg3 f5 24. Bc3 Qg6 25. Ng5 h6 26. Nf3 Qxg3 27. fxg3 c5 28. b4 Rc8 29. Ne1 c4 30. Bd4 Kf7 31. Bc5 Ke6 32. Nf3 cxd3 33. Nd4+ Kf6 34. cxd3 Rd8 35. Kf2 g5 36. Ke3 Rb8 37. Ne2 h5 38. d4 h4 39. gxh4 gxh4 40. d5 Ke5 41. d6 Rg8 42. Nd4 f4+ 43. Kf3 Rg3+ 44. Kf2 Rg8 45. d7 Kd5 46. Bb6 Ke4 47. Nc6 1-0

[Event "75. C.to Provinciale VE"]
[Site "Marghera ITA"]
[Date "2015.01.24"]
[Round "1.2"]
[White "Barecchia, Gian Marco"]
[Black "Omeri, Silvan"]
[Result "0-1"]
[WhiteElo "1661"]
[BlackElo "2192"]
[Annotator "Gabriele Ballarin"]
[PlyCount "112"]
[EventDate "2015.01.23"]
[EventType "swiss"]
[EventRounds "5"]
[EventCountry "ITA"]

1. e4 c5 2. Nf3 d6 3. d4 cxd4 4. Nxd4 Nf6 5. Nc3 g6 6. Be2 a6 7. Be3 Bg7 8. Qd2 Nbd7 9. O-O O-O 10. Bh6 Bxh6 11. Qxh6 Ne5 12. Qd2 Bd7 13. Kh1 Rc8 14. f3 Nc4 15. Bxc4 Rxc4 16. Qd3 Qc7 17. Rac1 Rc8 18. Nd5 Nxd5 19. exd5 Qa5 20. a3 Qxd5 21. Rfd1 Qh5 22. c3 e5 23. b3 R4c5 24. Ne2 d5 25. Ng3 Qh4 26. Qe3 Qf4 27. Qxf4 exf4 28. Ne2 Bb5 29. Nxf4 Rxc3 30. Rb1 Kg7 31. h4 d4 32. a4 Bc6 33. Rxd4 Re8 34. Rd3 Rxd3 35. Nxd3 Rd8 36. Ne5 Be8 37. Kg1 f6 38. Nc4 Bf7 39. Kf2 h5 40. Ke3 Be6 41. Rb2 Rd1 42. Rd2 Rb1 43. Rb2 Rxb2 44. Nxb2 Bxb3 45. a5 Kf7 46. Kd4 Ke7 47. Kc5 Ke6 48. Nd3 Kf5 49. Kb6 Bc4 50. Nc5 Kf4 51. Nxb7 Kg3 52. Nc5 Kxh4 53. Ne4 f5 54. Kc5 fxe4 55. fxe4 Bb5 56. e5 Kg3 0-1

[Event "75. C.to Provinciale VE"]
[Site "Marghera ITA"]
[Date "2015.01.24"]
[Round "1.3"]
[White "Renier, Renzo"]
[Black "Latella, Tommaso"]
[Result "1-0"]
[WhiteElo "1965"]
[BlackElo "1643"]
[Annotator "Gabriele Ballarin"]
[PlyCount "51"]
[EventDate "2015.01.23"]
[EventType "swiss"]
[EventRounds "5"]
[EventCountry "ITA"]

1. e4 e5 2. Nf3 Nf6 3. Nxe5 d6 4. Nf3 Nxe4 5. d4 d5 6. Bd3 Be7 7. c4 Nc6 8. O-O Nb4 9. cxd5 Nxd3 10. Qxd3 Nf6 11. Nc3 Nxd5 12. Re1 Nxc3 13. bxc3 O-O 14. Qe4 Bd6 15. Ng5 g6 16. Nf3 c6 17. Bf4 Bf5 18. Qe3 Bxf4 19. Qxf4 f6 20. Re3 Bd7 21. Rae1 Rf7 22. Nd2 Qf8 23. Ne4 Re8 24. Qc7 Be6 25. Qd6 Rfe7 26. Nc5 1-0

[Event "75. C.to Provinciale VE"]
[Site "Marghera ITA"]
[Date "2015.01.23"]
[Round "1.4"]
[White "Milan, Maurizio"]
[Black "Ballarin, Gabriele"]
[Result "0-1"]
[WhiteElo "1548"]
[BlackElo "1941"]
[Annotator "Gabriele Ballarin"]
[PlyCount "132"]
[EventDate "2015.01.23"]
[EventType "swiss"]
[EventRounds "5"]
[EventCountry "ITA"]

1. d4 d6 2. c4 e5 3. dxe5 dxe5 4. Qxd8+ Kxd8 5. e4 Be6 6. Nc3 c6 7. Nf3 f6 8. Be2 Nd7 9. Be3 Kc7 10. O-O a5 11. Na4 Ne7 12. Rfd1 Nc8 13. c5 g5 14. b3 Be7 15. Rd2 Rd8 16. Rad1 Nf8 17. Nb6 Rb8 18. Nc4 Rxd2 19. Rxd2 Ra8 20. a4 Nd7 21. Nd6 Nxd6 22. cxd6+ Bxd6 23. Bc4 Bxc4 24. bxc4 Rd8 25. Kf1 Bb4 26. Rd1 Nc5 27. Rxd8 Kxd8 28. Bxc5 Bxc5 29. Nd2 Kc7 30. Ke2 Bb4 31. Nb3 h5 32. f3 b6 33. Kd3 Kd6 34. Nc1 Bc5 35. Nb3 Bg1 36. h3 Ke6 37. Nc1 f5 38. Ne2 Bf2 39. exf5+ Kxf5 40. g4+ hxg4 41. hxg4+ Ke6 42. Ke4 Kd6 43. Nc1 Ke6 44. Nd3 Bd4 45. Nc1 Kd6 46. Nb3 Bf2 47. Nc1 b5 48. cxb5 cxb5 49. axb5 a4 50. Na2 a3 51. Nc3 Be1 52. Na2 Bd2 53. Kd3 Ba5 54. Kc4 Bb6 55. Nb4 Be3 56. Na2 Bd2 57. Kd3 Be1 58. Kc4 Ba5 59. Nc1 e4 60. fxe4 Ke5 61. Kd3 Bb6 62. Na2 Kf4 63. Nb4 Kxg4 64. Na2 Kf4 65. Nc3 Ke5 66. Kc2 g4 0-1

[Event "75. C.to Provinciale VE"]
[Site "Marghera ITA"]
[Date "2015.01.24"]
[Round "1.5"]
[White "Gaion, Giancarlo"]
[Black "Cappelletto, Joshuaede"]
[Result "1-0"]
[WhiteElo "1916"]
[BlackElo "1518"]
[Annotator "Gabriele Ballarin"]
[PlyCount "35"]
[EventDate "2015.01.23"]
[EventType "swiss"]
[EventRounds "5"]
[EventCountry "ITA"]

1. c4 e5 2. Nc3 Nf6 3. g3 c6 4. Bg2 d5 5. cxd5 cxd5 6. d4 exd4 7. Qxd4 Nc6 8. Qa4 Bf5 9. Nf3 Bc5 10. O-O O-O 11. Nh4 Bg6 12. Bg5 h6 13. Nxg6 fxg6 14. Bxf6 Qxf6 15. Bxd5+ Kh8 16. Ne4 Qxb2 17. Bxc6 bxc6 18. Nxc5 1-0

[Event "75. C.to Provinciale VE"]
[Site "Marghera ITA"]
[Date "2015.01.23"]
[Round "1.6"]
[White "Di Marino, Maurizio"]
[Black "Polese, Marco"]
[Result "0-1"]
[WhiteElo "1476"]
[BlackElo "1915"]
[Annotator "Gabriele Ballarin"]
[PlyCount "88"]
[EventDate "2015.01.23"]
[EventType "swiss"]
[EventRounds "5"]
[EventCountry "ITA"]

1. e4 e6 2. d3 b6 3. g3 Bb7 4. Bg2 g6 5. Nf3 Bg7 6. Qe2 d6 7. Bg5 Ne7 8. Nc3 c5 9. Rd1 Nbc6 10. O-O O-O 11. h4 Nd4 12. Nxd4 cxd4 13. Nb1 h6 14. Bd2 Qd7 15. Na3 Rac8 16. Rc1 Nc6 17. Nc4 Kh7 18. Kh2 Rce8 19. Bf4 Ne5 20. Nxe5 dxe5 21. Bd2 f5 22. f4 exf4 23. Bxf4 e5 24. Bd2 Bc8 25. Bh3 Qe7 26. a3 Rf7 27. Bg2 Rf6 28. Bh1 Ref8 29. Bb4 Qe6 30. Bg2 R8f7 31. Bd2 Bf8 32. Bh3 Qe8 33. Bg2 Bd6 34. b4 Qa4 35. c4 Qe8 36. c5 Bb8 37. cxb6 axb6 38. Bh3 Bd7 39. Bg2 f4 40. Be1 Qe6 41. Ra1 Qg4 42. Qxg4 Bxg4 43. Bf3 fxg3+ 44. Kxg3 Bxf3 0-1

[Event "75. C.to Provinciale VE"]
[Site "Marghera ITA"]
[Date "2015.01.24"]
[Round "1.7"]
[White "Cecchetto, Vanni"]
[Black "Fornaro, Massimo"]
[Result "1-0"]
[WhiteElo "1895"]
[BlackElo "1452"]
[Annotator "Gabriele Ballarin"]
[PlyCount "117"]
[EventDate "2015.01.23"]
[EventType "swiss"]
[EventRounds "5"]
[EventCountry "ITA"]

1. d4 e6 2. c4 g6 3. Nc3 Bg7 4. Nf3 Ne7 5. Bg5 h6 6. Bh4 c6 7. e4 Na6 8. Be2 O-O 9. O-O g5 10. Bg3 d6 11. a3 b6 12. h3 Ng6 13. Qd2 f5 14. Rad1 f4 15. Bh2 Bb7 16. Qc2 Qe8 17. Ne1 Ne7 18. Bg4 e5 19. dxe5 Bxe5 20. Nd3 Bg7 21. Rfe1 Qg6 22. Qe2 Bd4 23. e5 Nf5 24. Bxf4 Nc5 25. Nxc5 dxc5 26. Bh2 Rae8 27. Bh5 Qe6 28. Bxe8 Qxe8 29. e6 b5 30. cxb5 cxb5 31. Qxb5 Bc6 32. Qe2 Nh4 33. Rxd4 cxd4 34. e7 Rf6 35. Ne4 Re6 36. Qc4 Qf7 37. Qxd4 Nf5 38. Qd8+ Be8 39. f3 Kg7 40. Rc1 Rxe7 41. Nd6 Nxd6 42. Bxd6 Rd7 43. Be5+ Kh7 44. Qf6 Qg8 45. Rc8 Rf7 46. Qe6 Rf8 47. Qe7+ Kg6 48. Qd6+ Kh7 49. Rc7+ Rf7 50. Rxf7+ Qxf7 51. Kf2 Qc4 52. Qc7+ Bf7 53. Qxa7 Kg6 54. Qb6+ Be6 55. Qe3 Qc2+ 56. Qe2 Qc5+ 57. Kg3 Bf5 58. Bc3 Qg1 59. Qe5 1-0

[Event "75. C.to Provinciale VE"]
[Site "Marghera ITA"]
[Date "2015.01.23"]
[Round "1.8"]
[White "Bertaggia, Andrea"]
[Black "Barberini, Riccardo"]
[Result "0-1"]
[WhiteElo "1440"]
[BlackElo "1874"]
[Annotator "Gabriele Ballarin"]
[PlyCount "38"]
[EventDate "2015.01.23"]
[EventType "swiss"]
[EventRounds "5"]
[EventCountry "ITA"]

1. d4 g6 2. c4 Nf6 3. Nc3 Bg7 4. e3 d6 5. Nf3 O-O 6. Be2 Nbd7 7. O-O b6 8. a4 a5 9. b3 Bb7 10. Bb2 Re8 11. Rb1 Ne4 12. Nd5 c6 13. Nf4 Ng5 14. d5 e5 15. Nd3 e4 16. Bxg7 exd3 17. Qxd3 Nxf3+ 18. Bxf3 Kxg7 19. Qd4+ Qf6 0-1

[Event "75. C.to Provinciale VE"]
[Site "Marghera ITA"]
[Date "2015.01.23"]
[Round "1.9"]
[White "Mancin, Michele"]
[Black "Pastena, Dario"]
[Result "1-0"]
[WhiteElo "1755"]
[BlackElo "1440"]
[Annotator "Gabriele Ballarin"]
[PlyCount "83"]
[EventDate "2015.01.23"]
[EventType "swiss"]
[EventRounds "5"]
[EventCountry "ITA"]

1. Nf3 e6 2. c4 b6 3. g3 f5 4. Bg2 Bb7 5. O-O Nc6 6. d4 d5 7. cxd5 exd5 8. Qc2 Qd7 9. a3 a5 10. Nc3 Nf6 11. Rd1 O-O-O 12. Bg5 h6 13. Bxf6 gxf6 14. Nh4 Ne7 15. Bh3 Kb8 16. Rac1 c6 17. Na4 Ka7 18. b4 Qd6 19. bxa5 b5 20. Nc5 Bc8 21. Bxf5 Nxf5 22. Nxf5 Bxf5 23. Qxf5 Re8 24. e3 h5 25. h4 Rg8 26. Qd7+ Qxd7 27. Nxd7 Re6 28. Nxf8 Rxf8 29. Rc5 Ka6 30. Rdc1 Rc8 31. Rxd5 Rb8 32. Rxh5 Kxa5 33. Rc3 Ka4 34. Rh7 b4 35. Ra7+ Kb5 36. axb4 Ree8 37. Rc1 Kb6 38. Rf7 Re6 39. Rc5 Ra8 40. Kg2 Ra2 41. Kf3 Ra8 42. Rf5 1-0

[Event "75. C.to Provinciale VE"]
[Site "Marghera ITA"]
[Date "2015.01.23"]
[Round "1.10"]
[White "Segalina, Luigi"]
[Black "Anoè, Lorenzo"]
[Result "0-1"]
[WhiteElo "1440"]
[BlackElo "1739"]
[Annotator "Gabriele Ballarin"]
[PlyCount "56"]
[EventDate "2015.01.23"]
[EventType "swiss"]
[EventRounds "5"]
[EventCountry "ITA"]

1. e4 d6 2. Bc4 Nf6 3. Nc3 e5 4. h3 Nbd7 5. Nf3 Be7 6. d4 O-O 7. O-O c6 8. b3 b5 9. Bd3 exd4 10. Nxd4 Qb6 11. Nf5 Re8 12. Bf4 Ne5 13. Nxe7+ Rxe7 14. Be3 Qc7 15. Bg5 Re6 16. Ne2 Nxd3 17. cxd3 Nd7 18. Nd4 Rg6 19. Bf4 Ne5 20. Rc1 Bxh3 21. Bg3 Bg4 22. f3 Qb6 23. Bf2 c5 24. Ne2 Nxf3+ 25. gxf3 Bxf3+ 26. Kh2 Rg2+ 27. Kh3 d5 28. Qe1 Qe6+ 0-1

[Event "75. C.to Provinciale VE"]
[Site "Marghera ITA"]
[Date "2015.01.24"]
[Round "1.11"]
[White "Majer, Andrea"]
[Black "Settimo, Silvia"]
[Result "1-0"]
[WhiteElo "1700"]
[BlackElo "1422"]
[Annotator "Gabriele Ballarin"]
[PlyCount "51"]
[EventDate "2015.01.23"]
[EventType "swiss"]
[EventRounds "5"]
[EventCountry "ITA"]

1. d4 e6 2. Nf3 d5 3. e3 Nf6 4. Bd3 Bd6 5. b3 O-O 6. O-O Nbd7 7. Bb2 b6 8. Nbd2 Bb7 9. Qe2 Re8 10. Ne5 Nf8 11. Bb5 N6d7 12. f4 c5 13. Ndf3 Rc8 14. Bd3 Bxe5 15. fxe5 c4 16. bxc4 dxc4 17. Bxc4 Qc7 18. Bd3 Ng6 19. Ng5 Qc6 20. Be4 Qc7 21. Bxb7 Qxb7 22. Nxf7 Qc6 23. Nd6 Qxc2 24. Qxc2 Rxc2 25. Nxe8 Rxb2 26. Nd6 1-0

[Event "75. C.to Provinciale VE"]
[Site "Marghera ITA"]
[Date "2015.01.23"]
[Round "2.1"]
[White "Polese, Marco"]
[Black "Zamengo, Fulvio"]
[Result "0-1"]
[WhiteElo "1915"]
[BlackElo "2223"]
[Annotator "Gabriele Ballarin"]
[PlyCount "84"]
[EventDate "2015.01.23"]
[EventType "swiss"]
[EventRounds "5"]
[EventCountry "ITA"]

1. d4 Nf6 2. Nf3 g6 3. b3 Bg7 4. g3 O-O 5. Bb2 d5 6. Bg2 Ne4 7. Nbd2 Nxd2 8. Qxd2 c5 9. O-O Nc6 10. c3 c4 11. Ne5 Qc7 12. Nxc6 Qxc6 13. e4 dxe4 14. bxc4 Qxc4 15. Bxe4 Rb8 16. Rfe1 b5 17. Bd3 Qc7 18. Ba3 Re8 19. Rab1 a6 20. Bc5 Bb7 21. Be4 Bxe4 22. Rxe4 e6 23. Qe2 Red8 24. f4 Bf8 25. Bxf8 Kxf8 26. Re3 Qa5 27. Qb2 Kg8 28. a3 Rdc8 29. Qb4 Qd8 30. Re5 Rc4 31. Qb3 Rbc8 32. Re3 R8c6 33. Rd1 Qd5 34. Qb2 Qd6 35. Qb3 Qc7 36. Rdd3 Qa5 37. Qb2 Kf8 38. d5 exd5 39. Qe2 Qb6 40. Kg2 Re6 41. Rxe6 Qxe6 42. Qf3 Re4 0-1

[Event "75. C.to Provinciale VE"]
[Site "Marghera ITA"]
[Date "2015.01.24"]
[Round "2.2"]
[White "Omeri, Silvan"]
[Black "Mancin, Michele"]
[Result "1-0"]
[WhiteElo "2192"]
[BlackElo "1755"]
[Annotator "Gabriele Ballarin"]
[PlyCount "71"]
[EventDate "2015.01.23"]
[EventType "swiss"]
[EventRounds "5"]
[EventCountry "ITA"]

1. d4 Nf6 2. c4 e6 3. Nf3 b6 4. Nc3 Bb7 5. a3 d5 6. Bg5 h6 7. Bxf6 Qxf6 8. cxd5 exd5 9. e3 Nd7 10. Nb5 Qd8 11. Rc1 c6 12. Nc3 Bd6 13. Bd3 O-O 14. O-O Nf6 15. Nh4 Re8 16. Nf5 Bf8 17. Re1 g6 18. Nh4 Ne4 19. g3 Qf6 20. f4 c5 21. Nf3 Rac8 22. Ne5 Bd6 23. Nxe4 dxe4 24. Bc4 Bxe5 25. dxe5 Qe7 26. Qg4 Kg7 27. h4 Bc6 28. Rcd1 Rcd8 29. h5 Bd7 30. Qe2 Kh7 31. Rd6 g5 32. Rf6 Be6 33. Bxe6 fxe6 34. Qg4 Qg7 35. Rg6 Qh8 36. Rxh6+ 1-0

[Event "75. C.to Provinciale VE"]
[Site "Marghera ITA"]
[Date "2015.01.24"]
[Round "2.3"]
[White "Barberini, Riccardo"]
[Black "Renier, Renzo"]
[Result "1-0"]
[WhiteElo "1874"]
[BlackElo "1965"]
[Annotator "Gabriele Ballarin"]
[PlyCount "59"]
[EventDate "2015.01.23"]
[EventType "swiss"]
[EventRounds "5"]
[EventCountry "ITA"]

1. d4 Nf6 2. c4 g6 3. Nc3 d5 4. cxd5 Nxd5 5. e4 Nxc3 6. bxc3 Bg7 7. Nf3 c5 8. Bb5+ Bd7 9. Bxd7+ Qxd7 10. O-O O-O 11. Be3 cxd4 12. Bxd4 Bxd4 13. cxd4 e6 14. Ne5 Qd6 15. Rb1 b6 16. Qa4 f6 17. Nf3 Qc6 18. Qb3 Qxe4 19. Rfe1 Qd5 20. Rxe6 Qxb3 21. axb3 Nd7 22. Rd6 Rfd8 23. Re1 Kf7 24. Ree6 a5 25. g4 a4 26. bxa4 Rxa4 27. g5 Re8 28. Rxe8 Kxe8 29. gxf6 Ra5 30. f7+ 1-0